[Event "Aeroflot Open 2012 A"]
[Site "Moscow"]
[Date "2012.02.10"]
[Round "4"]
[White "Mamedov, Rauf"]
[Black "Adhiban, B."]
[Result "0-1"]
[WhiteElo "2636"]
[BlackElo "2561"]
[PlyCount "92"]
[EventDate "2012.02.07"]
[EventRounds "9"]
[EventCountry "RUS"]

1. g3 d5 2. Bg2 Nf6 3. d3 g6 4. Nd2 Bg7 5. e4 dxe4 6. dxe4 O-O 7. Ngf3 a5 8.
O-O a4 9. c3 a3 10. Qc2 axb2 11. Bxb2 Nc6 12. h3 h6 13. a4 Be6 14. Nd4 Bd7 15.
Nc4 Qc8 16. Kh2 Na5 17. Ne3 e5 18. Nf3 Re8 19. c4 Nc6 20. Rfd1 Nh7 21. Nd5 Nf8
22. Bc3 Be6 23. Qb2 Nd7 24. a5 Kh7 25. Rdb1 Nc5 26. Ne1 Ra7 27. f4 f5 28. exf5
Bxf5 29. Rd1 Ne4 30. Bxe4 Bxe4 31. Qf2 Ra6 32. Ng2 Nd4 33. Nh4 Rc6 34. fxe5
Bxd5 35. Rxd4 Bxc4 36. Re1 Rf8 37. Qc2 Qe6 38. Rg4 Bb3 39. Qd3 Qd5 40. Rd4 Qc5
41. Bd2 Bxe5 42. Rd7+ Rf7 43. Ng2 Bg7 44. Bf4 Qc2 45. Re3 Rxd7 46. Qxd7 Rd6 0-1

[Event "Aeroflot Open 2012 A"]
[Site "Moscow"]
[Date "2012.02.10"]
[Round "4"]
[White "Guseinov, Gadir"]
[Black "Vidit, Santosh Gujrathi"]
[Result "0-1"]
[WhiteElo "2634"]
[BlackElo "2513"]
[PlyCount "96"]
[EventDate "2012.02.07"]
[EventRounds "9"]
[EventCountry "RUS"]

1. e4 c6 2. d4 d5 3. Nd2 dxe4 4. Nxe4 Bf5 5. Ng3 Bg6 6. h4 h6 7. Nf3 Nd7 8. h5
Bh7 9. Bd3 Bxd3 10. Qxd3 e6 11. Bf4 Qa5+ 12. Bd2 Bb4 13. c3 Be7 14. c4 Qc7 15.
O-O-O Ngf6 16. Rhe1 O-O 17. Nf5 exf5 18. Rxe7 Qd8 19. Re2 Ne4 20. g3 b5 21.
cxb5 cxb5 22. Kb1 Re8 23. Be1 Ndf6 24. Nh4 Qd7 25. f3 Nd6 26. Rxe8+ Rxe8 27.
Bb4 Nc4 28. Qxf5 Qc7 29. Re1 Qxg3 30. Rxe8+ Nxe8 31. Qxb5 Qg1+ 32. Kc2 Ne3+ 33.
Kd2 Qf2+ 34. Qe2 Nc4+ 35. Kd3 Nxb2+ 36. Kd2 Nc4+ 37. Kd3 Nb2+ 38. Kd2 Qxd4+ 39.
Kc2 Nf6 40. Bc3 Qxh4 41. Kxb2 Qxh5 42. Bxf6 gxf6 43. Kb3 Qd5+ 44. Kb4 Qd6+ 45.
Ka4 Qf4+ 46. Kb3 h5 47. Qg2+ Qg5 48. Qf2 a6 0-1

[Event "Aeroflot Open 2012 A"]
[Site "Moscow"]
[Date "2012.02.10"]
[Round "4"]
[White "Shomoev, Anton"]
[Black "Ponkratov, Pavel"]
[Result "0-1"]
[WhiteElo "2570"]
[BlackElo "2611"]
[PlyCount "146"]
[EventDate "2012.02.07"]
[EventRounds "9"]
[EventCountry "RUS"]

1. d4 Nf6 2. c4 e6 3. Nc3 Bb4 4. Qc2 Nc6 5. e3 O-O 6. Bd2 Re8 7. a3 Bxc3 8.
Bxc3 a5 9. b3 e5 10. dxe5 Nxe5 11. Nf3 d6 12. Be2 b6 13. O-O Bb7 14. Nd2 Qe7
15. Rfe1 d5 16. cxd5 Nxd5 17. Bb2 Qg5 18. Bf1 Re7 19. Rac1 Qh5 20. Be2 Qg5 21.
Bf1 Qh5 22. Be2 Qg5 23. Ne4 Qg6 24. Ng3 c5 25. Red1 Qc6 26. Bf1 Rae8 27. Rd2
Re6 28. Rcd1 Nf6 29. Rd8 Qc7 30. Rxe8+ Rxe8 31. Bb5 Re6 32. Qd2 h5 33. Qd8+
Qxd8 34. Rxd8+ Kh7 35. Ne2 Ne4 36. Nf4 Rd6 37. Rxd6 Nxd6 38. Be2 f6 39. f3 h4
40. Kf2 c4 41. bxc4 Nexc4 42. Bc1 g5 43. Ne6 Bc8 44. Nc7 Bd7 45. Nd5 Kg6 46. e4
Kf7 47. Ne3 b5 48. Nc2 Ke6 49. Bd3 Ne5 50. Nd4+ Ke7 51. Bc2 Ndc4 52. g3 h3 53.
g4 Kd6 54. Ke2 a4 55. Bb1 Kc5 56. Nc2 Nc6 57. Ba2 Be6 58. f4 gxf4 59. Bxf4
Bxg4+ 60. Kd3 Bd1 61. Bxc4 Bxc2+ 62. Kc3 bxc4 63. Be3+ Kd6 64. Bf4+ Ke6 65.
Kxc2 Nd4+ 66. Kd2 Nb5 67. Ke3 f5 68. Bh6 Nxa3 69. exf5+ Kxf5 70. Kd4 Kg4 71.
Bf8 Nc2+ 72. Kxc4 Kf3 73. Bd6 Kg2 0-1

[Event "Aeroflot Open 2012 A"]
[Site "Moscow"]
[Date "2012.02.10"]
[Round "4"]
[White "Savchenko, Boris"]
[Black "Harika, Dronavalli"]
[Result "1/2-1/2"]
[WhiteElo "2609"]
[BlackElo "2516"]
[PlyCount "131"]
[EventDate "2012.02.07"]
[EventRounds "9"]
[EventCountry "RUS"]

1. Nf3 Nf6 2. c4 e6 3. Nc3 Bb4 4. g4 O-O 5. g5 Ne8 6. h4 d5 7. Qb3 c5 8. cxd5
Nd6 9. a3 Ba5 10. d3 exd5 11. Qxd5 Be6 12. Qxc5 Nc6 13. Nd4 Rc8 14. Bg2 Nxd4
15. Qxd4 Bb6 16. Qf4 Nf5 17. O-O Bc7 18. Qb4 a5 19. Qxb7 Nxh4 20. Qe4 Nf5 21.
Bf4 Bxf4 22. Qxf4 Nd4 23. Rae1 f6 24. e3 Nb3 25. Rd1 fxg5 26. Qe5 Bf7 27. Ne4
Re8 28. Qd6 h6 29. d4 Rc2 30. d5 Rxb2 31. Rb1 Rxb1 32. Rxb1 a4 33. Qb4 Bg6 34.
d6 Qd7 35. Qc4+ Kh8 36. Qd5 Qg4 37. f3 Qd7 38. Kh2 Rc8 39. Bh3 g4 40. Bxg4 Bxe4
41. Bxd7 Rc2+ 42. Kg3 Bxd5 43. Bxa4 Rd2 44. Bxb3 Bxb3 45. Rxb3 Rxd6 46. a4 Ra6
47. Rb4 Kh7 48. f4 Kg6 49. Kf3 Kf6 50. e4 g5 51. f5 h5 52. Ke3 h4 53. Kf3 h3
54. Kg3 g4 55. Kxg4 h2 56. Rb1 Rxa4 57. Kf4 Ra3 58. Rh1 Rh3 59. e5+ Kf7 60. Kg5
Rh8 61. Kg4 Rg8+ 62. Kh4 Rh8+ 63. Kg4 Rg8+ 64. Kh4 Rh8+ 65. Kg3 Rh5 66. Rxh2
1/2-1/2

[Event "Aeroflot Open 2012 A"]
[Site "Moscow"]
[Date "2012.02.10"]
[Round "4"]
[White "Ulibin, Mikhail"]
[Black "Cori, Jorge"]
[Result "1/2-1/2"]
[WhiteElo "2587"]
[BlackElo "2489"]
[PlyCount "133"]
[EventDate "2012.02.07"]
[EventRounds "9"]
[EventCountry "RUS"]

1. c4 Nf6 2. Nc3 e5 3. g3 Nc6 4. Bg2 g6 5. e3 d6 6. Nge2 Bg7 7. O-O O-O 8. Rb1
a5 9. a3 Be6 10. Nd5 Ne7 11. e4 c6 12. Nxf6+ Bxf6 13. d3 Bg7 14. Be3 f5 15. Qc2
d5 16. exf5 Nxf5 17. Bd2 Qd7 18. b3 b5 19. a4 b4 20. Rbd1 Rf7 21. Bc1 Raf8 22.
Bb2 Qa7 23. cxd5 Bxd5 24. Bxd5 cxd5 25. d4 Rc7 26. Qb1 e4 27. Nf4 Rd7 28. Qc2
Bh6 29. Ne6 Re8 30. Nc5 Rde7 31. Qe2 Bg7 32. Rfe1 h5 33. Kg2 Kh7 34. Ba1 Rf8
35. Bb2 Nh6 36. h3 Rf3 37. Qd2 Ref7 38. Re2 Qe7 39. Qe1 Qd6 40. Bc1 Nf5 41.
Rxe4 Nxd4 42. Bf4 R3xf4 43. Rxf4 Rxf4 44. gxf4 Qxc5 45. Qe3 Qb6 46. f5 gxf5 47.
Kh1 Qf6 48. f4 Kh6 49. Rd2 Qb6 50. Qg1 Qg6 51. Qe3 Qf6 52. Kh2 Qb6 53. Qg3 Kh7
54. Qe3 Qc5 55. Rg2 Qc3 56. Rxg7+ Kxg7 57. Qe7+ Kg6 58. Qd6+ Kf7 59. Qd7+ Kf6
60. Qd8+ Ke6 61. Qe8+ Kd6 62. Qd8+ Kc5 63. Qf8+ Kb6 64. Qb8+ Kc6 65. Qc8+ Kd6
66. Qd8+ Kc5 67. Qf8+ 1/2-1/2

[Event "Aeroflot Open 2012 A"]
[Site "Moscow"]
[Date "2012.02.10"]
[Round "4"]
[White "Ipatov, Alexander"]
[Black "Shyam, Sundar M"]
[Result "1/2-1/2"]
[WhiteElo "2586"]
[BlackElo "2462"]
[PlyCount "67"]
[EventDate "2012.02.07"]
[EventRounds "9"]
[EventCountry "RUS"]

1. d4 d5 2. c4 e6 3. Nf3 Nf6 4. e3 a6 5. Nc3 dxc4 6. Bxc4 b5 7. Bd3 Bb7 8. O-O
Nbd7 9. Qe2 c5 10. Rd1 Qb8 11. Ne5 Bd6 12. f4 O-O 13. b3 cxd4 14. exd4 Nb6 15.
Bb2 b4 16. Ne4 Bxe4 17. Bxe4 Nxe4 18. Qxe4 f6 19. Nd3 Re8 20. Rac1 f5 21. Qf3
Nd5 22. g3 Qb5 23. Re1 a5 24. Nc5 Bxc5 25. dxc5 Rac8 26. Qf2 Rc6 27. Be5 Qb7
28. Rc2 Qa7 29. Bd4 Nc3 30. Qe3 Ne4 31. g4 Rd8 32. Rg2 g6 33. Rc1 Qd7 34. Rc4
1/2-1/2

[Event "Aeroflot Open 2012 A"]
[Site "Moscow"]
[Date "2012.02.10"]
[Round "4"]
[White "Bukavshin, Ivan"]
[Black "Morovic Fernandez, Ivan"]
[Result "1/2-1/2"]
[WhiteElo "2517"]
[BlackElo "2582"]
[PlyCount "42"]
[EventDate "2012.02.07"]
[EventRounds "9"]
[EventCountry "RUS"]

1. d4 Nf6 2. c4 g6 3. f3 Bg7 4. e4 d6 5. Be3 e5 6. Ne2 O-O 7. Qd2 c6 8. Nbc3
exd4 9. Nxd4 d5 10. exd5 cxd5 11. O-O-O dxc4 12. Bxc4 a6 13. Bh6 Qc7 14. Bb3
Nc6 15. Bxg7 Kxg7 16. Nxc6 Qxc6 17. Qd6 Bd7 18. Rhe1 Rae8 19. Qd4 Be6 20. Bc2
Qc4 21. b3 Qxd4 1/2-1/2

[Event "Aeroflot Open 2012 A"]
[Site "Moscow"]
[Date "2012.02.10"]
[Round "4"]
[White "Fedoseev, Vladimir"]
[Black "Bosiocic, Marin"]
[Result "1-0"]
[WhiteElo "2525"]
[BlackElo "2580"]
[PlyCount "157"]
[EventDate "2012.02.07"]
[EventRounds "9"]
[EventCountry "RUS"]

1. d4 Nf6 2. c4 g6 3. g3 d5 4. cxd5 Nxd5 5. Bg2 Nb6 6. Nf3 Bg7 7. O-O Nc6 8. e3
O-O 9. Nc3 Re8 10. Re1 a5 11. Qe2 Be6 12. Rb1 Bf5 13. Ra1 Be6 14. Nd2 Nb4 15.
Rd1 c6 16. a3 N4d5 17. Nce4 Bf5 18. Nc5 e5 19. dxe5 Qe7 20. Nd3 Bxd3 21. Qxd3
Rad8 22. Qc2 Qxe5 23. Nb3 Nc7 24. Rxd8 Rxd8 25. Nc5 Rb8 26. Nd3 Qb5 27. Bf1 Nd7
28. Bd2 Qf5 29. Rc1 Ne6 30. Be2 Nf6 31. Qa4 Ng5 32. Qxa5 Nd5 33. Qa4 h5 34. g4
Nf3+ 35. Kh1 hxg4 36. e4 b5 37. exf5 bxa4 38. Bxf3 gxf3 39. fxg6 Rb3 40. gxf7+
Kxf7 41. Nc5 Rxb2 42. Ne4 Rb3 43. Ng5+ Ke8 44. Re1+ Kd7 45. Ne6 Rb2 46. Ba5 Bf6
47. Nc5+ Kd6 48. Ne4+ Ke5 49. Bd2 Kd4 50. Nxf6 Rxd2 51. Ng4 Re2 52. Rd1+ Ke4
53. h4 Nc3 54. Rg1 Kf4 55. h5 Re8 56. Nh6 Ne4 57. Rg4+ Ke5 58. Nf7+ Kd5 59. Rf4
Nxf2+ 60. Kh2 Nd3 61. Rxf3 Ne5 62. Nxe5 Rxe5 63. h6 Re7 64. Rh3 Rh7 65. Kg3 Ke5
66. Kg4 Kf6 67. Kh5 Rd7 68. Rf3+ Ke5 69. Kg6 c5 70. h7 Rxh7 71. Kxh7 c4 72. Rf8
c3 73. Rc8 Kd4 74. Kg6 Kd3 75. Kf5 c2 76. Ke5 Kd2 77. Kd4 c1=Q 78. Rxc1 Kxc1
79. Kd5 1-0

[Event "Aeroflot Open 2012 A"]
[Site "Moscow"]
[Date "2012.02.10"]
[Round "4"]
[White "Grigoriants, Sergey"]
[Black "Shen, Yang"]
[Result "1-0"]
[WhiteElo "2570"]
[BlackElo "2447"]
[PlyCount "51"]
[EventDate "2012.02.07"]
[EventRounds "9"]
[EventCountry "RUS"]

1. e4 e5 2. Nf3 Nc6 3. Bb5 Nf6 4. O-O Nxe4 5. d4 Nd6 6. Bxc6 dxc6 7. dxe5 Nf5
8. Qxd8+ Kxd8 9. Nc3 h6 10. h3 Bd7 11. b3 a5 12. Bb2 Kc8 13. a4 b6 14. Rfd1 Ne7
15. Rd2 c5 16. Rad1 Bc6 17. e6 fxe6 18. Ne5 Kb7 19. Nf7 Rg8 20. Nd8+ Rxd8 21.
Rxd8 g5 22. Nb5 Bg7 23. Rxg8 Bxb2 24. Rf8 Nf5 25. Rdd8 Be4 26. c3 1-0

[Event "Aeroflot Open 2012 A"]
[Site "Moscow"]
[Date "2012.02.10"]
[Round "4"]
[White "Pridorozhni, Aleksei"]
[Black "Pap, Gyula"]
[Result "0-1"]
[WhiteElo "2555"]
[BlackElo "2533"]
[PlyCount "78"]
[EventDate "2012.02.07"]
[EventRounds "9"]
[EventCountry "RUS"]

1. e4 g6 2. d4 Bg7 3. Nc3 d6 4. Be3 c6 5. Qd2 b5 6. f3 Nf6 7. g4 h5 8. g5 Nfd7
9. h4 Nb6 10. b3 O-O 11. Bg2 d5 12. Nge2 b4 13. Nd1 c5 14. c3 cxd4 15. cxd4 a5
16. Rc1 Ba6 17. Nf2 N8d7 18. e5 e6 19. Nd3 Nc8 20. Kf2 Ne7 21. f4 Qb6 22. Ng3
Rfc8 23. Bf3 Bxd3 24. Qxd3 a4 25. Rxc8+ Rxc8 26. Rc1 Rxc1 27. Bxc1 axb3 28.
axb3 Nb8 29. Be3 Nbc6 30. Be2 Qa7 31. Qd2 Qa1 32. Bb5 Qb1 33. Bd3 Qxb3 34. Ne2
Qa3 35. Nc1 Bf8 36. Qa2 Nf5 37. Bxf5 gxf5 38. Qxa3 bxa3 39. Ke2 Bb4 0-1

[Event "Aeroflot Open 2012 A"]
[Site "Moscow"]
[Date "2012.02.10"]
[Round "4"]
[White "Tukhaev, Adam"]
[Black "Dubov, Daniil"]
[Result "1/2-1/2"]
[WhiteElo "2537"]
[BlackElo "2498"]
[PlyCount "51"]
[EventDate "2012.02.07"]
[EventRounds "9"]
[EventCountry "RUS"]

1. e4 c5 2. Nf3 d6 3. d4 cxd4 4. Nxd4 Nf6 5. Nc3 Nc6 6. Bc4 Qb6 7. Nxc6 bxc6 8.
O-O g6 9. Be3 Qc7 10. f4 Bg7 11. Bd4 O-O 12. Kh1 Nd7 13. Bxg7 Kxg7 14. Qd4+ e5
15. Qd2 exf4 16. Rxf4 Ne5 17. Bb3 Qe7 18. Rd1 Rd8 19. Rdf1 Be6 20. Nd1 a5 21.
Ne3 Bxb3 22. axb3 a4 23. bxa4 Rxa4 24. b3 Ra7 25. Qf2 Rda8 26. Qg3 1/2-1/2

[Event "Aeroflot Open 2012 A"]
[Site "Moscow"]
[Date "2012.02.10"]
[Round "4"]
[White "Alsina Leal, Daniel"]
[Black "Paikidze, Nazi"]
[Result "1-0"]
[WhiteElo "2535"]
[BlackElo "2411"]
[PlyCount "95"]
[EventDate "2012.02.07"]
[EventRounds "9"]
[EventCountry "RUS"]

1. e4 c5 2. Nf3 d6 3. d4 cxd4 4. Nxd4 Nf6 5. Nc3 a6 6. Be3 e5 7. Nb3 Be6 8. f3
h5 9. Qd2 Nbd7 10. Nd5 Bxd5 11. exd5 g6 12. Be2 Bg7 13. Na5 Qc7 14. c4 O-O 15.
Rc1 e4 16. f4 Nc5 17. O-O b6 18. Nc6 a5 19. f5 Kh7 20. Rb1 a4 21. Nd4 Qe7 22.
Kh1 Rae8 23. Qe1 Nd3 24. Qh4 Ng4 25. Qxe7 Rxe7 26. Bxg4 Bxd4 27. Bxd4 hxg4 28.
fxg6+ Kxg6 29. Rf6+ Kh7 30. Be3 Rc8 31. b3 b5 32. cxb5 a3 33. Rh6+ Kg7 34. Rxd6
Rc2 35. Ra6 Nb4 36. Rxa3 Nxd5 37. Bd4+ Kh7 38. b6 e3 39. Ra7 e2 40. Rxe7 Nxe7
41. Re1 Rd2 42. Bf2 f5 43. Kg1 Rd1 44. b4 f4 45. b5 f3 46. gxf3 gxf3 47. b7 Rd8
48. Bg3 1-0

[Event "Aeroflot Open 2012 A"]
[Site "Moscow"]
[Date "2012.02.10"]
[Round "4"]
[White "Lu, Shanglei"]
[Black "Gopal G.N."]
[Result "1/2-1/2"]
[WhiteElo "2516"]
[BlackElo "2566"]
[PlyCount "72"]
[EventDate "2012.02.07"]
[EventRounds "9"]
[EventCountry "RUS"]

1. e4 c5 2. Nf3 d6 3. d4 cxd4 4. Nxd4 Nf6 5. f3 e5 6. Nb3 Be7 7. c4 a5 8. Be3
Nc6 9. Nc3 O-O 10. Be2 a4 11. Nd2 Nh5 12. Nd5 Nf4 13. O-O Nxd5 14. cxd5 Nd4 15.
Bd3 a3 16. b3 f5 17. Bxd4 fxe4 18. Nxe4 exd4 19. f4 Bf5 20. g4 Bg6 21. f5 Bf7
22. f6 Bxf6 23. Nxf6+ gxf6 24. Be4 Qe7 25. Qxd4 Qe5 26. Qxe5 fxe5 27. Rac1 Bg6
28. Bxg6 hxg6 29. Rc7 Ra5 30. Rxb7 Rxd5 31. Ra7 Rxf1+ 32. Kxf1 Rd2 33. Rxa3
Rxh2 34. Ra6 Kf7 35. Rxd6 Rxa2 36. g5 Rb2 1/2-1/2

[Event "Aeroflot Open 2012 A"]
[Site "Moscow"]
[Date "2012.02.11"]
[Round "5"]
[White "Tomashevsky, Evgeny"]
[Black "Korobov, Anton"]
[Result "1/2-1/2"]
[WhiteElo "2740"]
[BlackElo "2660"]
[PlyCount "49"]
[EventDate "2012.02.07"]
[EventRounds "9"]
[EventCountry "RUS"]

1. d4 d5 2. c4 c6 3. Nf3 Nf6 4. e3 e6 5. Bd3 Nbd7 6. b3 b6 7. O-O Bb7 8. Bb2
Bd6 9. Nbd2 O-O 10. Qe2 Qe7 11. Rad1 Rad8 12. Ne5 c5 13. cxd5 exd5 14. f4 cxd4
15. exd4 Bb4 16. f5 Rc8 17. Ndf3 Rfe8 18. Kh1 Qd6 19. Rc1 Rxc1 20. Rxc1 Ne4 21.
Bxe4 dxe4 22. Ng5 Nxe5 23. dxe5 Qh6 24. e6 fxe6 25. Rc7 1/2-1/2

[Event "Aeroflot Open 2012 A"]
[Site "Moscow"]
[Date "2012.02.11"]
[Round "5"]
[White "Alekseev, Evgeny"]
[Black "Gupta, Abhijeet"]
[Result "1/2-1/2"]
[WhiteElo "2670"]
[BlackElo "2652"]
[PlyCount "73"]
[EventDate "2012.02.07"]
[EventRounds "9"]
[EventCountry "RUS"]

1. e4 e6 2. d4 d5 3. Nc3 Bb4 4. e5 c5 5. a3 Bxc3+ 6. bxc3 Ne7 7. Qg4 cxd4 8.
Qxg7 Rg8 9. Qxh7 Qc7 10. Ne2 dxc3 11. f4 Nbc6 12. Qd3 d4 13. Nxd4 Nxd4 14. Qxd4
Bd7 15. Rg1 Nf5 16. Qf2 Qc6 17. g4 Qe4+ 18. Qe2 Qa4 19. Rb1 Nd4 20. Qd3 Bc6 21.
Kf2 Nf3 22. Rg3 Rd8 23. Qxc3 Nxh2 24. Rb4 Nxf1 25. Rxa4 Nxg3 26. Kxg3 Bxa4 27.
Qc7 Bc6 28. Be3 Rd7 29. Qb8+ Rd8 30. Qc7 Rd7 31. Qb8+ Rd8 32. Qxa7 Rd1 33. Qb8+
Rd8 34. Qc7 Rd7 35. Qc8+ Rd8 36. Qc7 Rd7 37. Qc8+ 1/2-1/2

[Event "Aeroflot Open 2012 A"]
[Site "Moscow"]
[Date "2012.02.11"]
[Round "5"]
[White "Sokolov, Ivan"]
[Black "Bu, Xiangzhi"]
[Result "1/2-1/2"]
[WhiteElo "2641"]
[BlackElo "2670"]
[PlyCount "83"]
[EventDate "2012.02.07"]
[EventRounds "9"]
[EventCountry "RUS"]

1. d4 d5 2. c4 c6 3. Nc3 Nf6 4. cxd5 cxd5 5. Bf4 Nc6 6. Nf3 Bf5 7. Qb3 Na5 8.
Qa4+ Bd7 9. Qc2 Rc8 10. e3 b5 11. a3 g6 12. Bd3 Bg7 13. Qe2 Nc4 14. O-O O-O 15.
Rfc1 a5 16. Bg5 e6 17. Ne5 h6 18. Bh4 a4 19. f4 Qc7 20. Nd1 Qb7 21. Rc2 Rc7 22.
Rac1 Rfc8 23. Be1 Be8 24. h4 Nd6 25. g4 Rxc2 26. Rxc2 Nfe4 27. Bb4 Bf8 28. g5
h5 29. Nc3 Nxc3 30. Rxc3 Nc4 31. Bxf8 Kxf8 32. Kf2 Rb8 33. Rc2 Qe7 34. Qe1 Nxe5
35. fxe5 b4 36. axb4 Rxb4 37. Qc1 Rb3 38. Rc3 Qb4 39. Rxb3 Qxb3 40. Ke2 Kg7 41.
Kd2 a3 42. bxa3 1/2-1/2

[Event "Aeroflot Open 2012 A"]
[Site "Moscow"]
[Date "2012.02.11"]
[Round "5"]
[White "Balogh, Csaba"]
[Black "Safarli, Eltaj"]
[Result "1/2-1/2"]
[WhiteElo "2665"]
[BlackElo "2638"]
[PlyCount "142"]
[EventDate "2012.02.07"]
[EventRounds "9"]
[EventCountry "RUS"]

1. e4 e5 2. Nf3 Nc6 3. Bb5 a6 4. Ba4 d6 5. O-O Bd7 6. c3 g6 7. d4 Bg7 8. d5
Nce7 9. c4 h6 10. Nc3 f5 11. Ne1 Nf6 12. f3 O-O 13. Bxd7 Qxd7 14. Nd3 c5 15.
Qe2 g5 16. Bd2 Ng6 17. exf5 Qxf5 18. Ne4 Nxe4 19. fxe4 Qd7 20. g3 Rxf1+ 21.
Rxf1 Rf8 22. b3 Rxf1+ 23. Kxf1 b6 24. Nf2 Nf8 25. Ng4 Qf7+ 26. Kg2 Qg6 27. Qd3
Nh7 28. Ne3 Bf8 29. b4 Nf6 30. Nf5 Ne8 31. g4 Ng7 32. bxc5 bxc5 33. Qa3 Nxf5
34. exf5 Qg7 35. Qb2 Qd7 36. Kf3 Qa4 37. Qb3 Qd7 38. Ke4 Kf7 39. Be1 Be7 40.
Bd2 Kg7 41. a4 Bf6 42. a5 Be7 43. h3 Bf6 44. Bc3 Kh7 45. Ke3 Kg7 46. Kd2 Kf7
47. Qb6 Qa4 48. Qxa6 Qa2+ 49. Kc1 Qb3 50. Bb2 Bd8 51. Qb5 Qxb5 52. cxb5 Bxa5
53. Kc2 Bd8 54. Kd3 Bb6 55. Ke4 Ba5 56. Bc1 Kg7 57. Be3 Bb6 58. Bf2 Bd8 59. Kf3
Kf7 60. Be3 Kg7 61. Bg1 Kf7 62. Bf2 Ke8 63. Be3 Kd7 64. Ke4 Bf6 65. Bd2 Kc7 66.
Ba5+ Kb7 67. Kd3 Kc8 68. Kc4 Kb7 69. Kd3 Kc8 70. Kc3 Kb7 71. Kc4 Kc8 1/2-1/2

[Event "Aeroflot Open 2012 A"]
[Site "Moscow"]
[Date "2012.02.11"]
[Round "5"]
[White "Melkumyan, Hrant"]
[Black "Khismatullin, Denis"]
[Result "1-0"]
[WhiteElo "2620"]
[BlackElo "2664"]
[PlyCount "53"]
[EventDate "2012.02.07"]
[EventRounds "9"]
[EventCountry "RUS"]

1. d4 Nf6 2. c4 e6 3. Nc3 d5 4. Bg5 Be7 5. Nf3 h6 6. Bxf6 Bxf6 7. e3 O-O 8. Rc1
c6 9. h4 Nd7 10. g4 Re8 11. g5 hxg5 12. hxg5 Bxg5 13. Nxg5 Qxg5 14. f4 Qg3+ 15.
Kd2 Nf6 16. Qe2 Qg6 17. Qh2 Qh6 18. Qg2 Qg6 19. Qh3 Qh7 20. Qf3 Ne4+ 21. Kc2
Qf5 22. Bd3 g6 23. Rcg1 Kf8 24. Rh7 Rd8 25. Qh1 Bd7 26. Bxe4 dxe4 27. Rg5 1-0

[Event "Aeroflot Open 2012 A"]
[Site "Moscow"]
[Date "2012.02.11"]
[Round "5"]
[White "Rodshtein, Maxim"]
[Black "Zhigalko, Sergei"]
[Result "1-0"]
[WhiteElo "2634"]
[BlackElo "2658"]
[PlyCount "151"]
[EventDate "2012.02.07"]
[EventRounds "9"]
[EventCountry "RUS"]

1. d4 Nf6 2. c4 e6 3. Nf3 b6 4. g3 Ba6 5. Qa4 Bb7 6. Bg2 c5 7. dxc5 bxc5 8. O-O
Be7 9. Nc3 O-O 10. Bf4 Qb6 11. Rfd1 Rd8 12. Rd2 d6 13. Rad1 h6 14. Qb5 Ne8 15.
g4 Qc7 16. Qa4 a6 17. h4 Nd7 18. Qc2 Nf8 19. Bg3 Nf6 20. Nh2 Bxg2 21. Kxg2 Qc6+
22. e4 Rd7 23. f3 Rad8 24. Nf1 Ng6 25. Ne3 Ne5 26. Qa4 g5 27. hxg5 hxg5 28.
Qxc6 Nxc6 29. Na4 Kf8 30. b3 Ke8 31. Rh1 Bf8 32. Rh8 Ne7 33. Kf2 Ng6 34. Rh1
Be7 35. Nc2 Bf8 36. Ne1 Bg7 37. Nd3 Ng8 38. Ke2 f6 39. b4 cxb4 40. Nxb4 Bf8 41.
Nc6 Rc8 42. Nd4 Rb7 43. Nxe6 Rxc4 44. Nb2 Rc8 45. Nd1 Rc1 46. Rh2 Rd7 47. Ne3
Kf7 48. Nxf8 Nxf8 49. Bxd6 Ne7 50. Bxe7 Rxe7 51. Nd5 Rd7 52. Rb2 Kg7 53. Ke3
Ne6 54. Rbc2 Re1+ 55. Rhe2 Rd1 56. Rcd2 Rh1 57. Rh2 Rxh2 58. Rxh2 Rb7 59. Rc2
Rb5 60. Rc6 Nf4 61. Nxf4 gxf4+ 62. Kxf4 Ra5 63. a4 Rxa4 64. g5 fxg5+ 65. Kxg5
Ra5+ 66. Kf4 Ra3 67. Kg4 a5 68. f4 a4 69. Kf5 Rh3 70. Rc7+ Kf8 71. Ra7 a3 72.
e5 Ke8 73. Ke6 Rh6+ 74. Kd5 Rh3 75. f5 Rb3 76. f6 1-0

[Event "Aeroflot Open 2012 A"]
[Site "Moscow"]
[Date "2012.02.11"]
[Round "5"]
[White "Caruana, Fabiano"]
[Black "Khairullin, Ildar"]
[Result "1-0"]
[WhiteElo "2736"]
[BlackElo "2638"]
[PlyCount "101"]
[EventDate "2012.02.07"]
[EventRounds "9"]
[EventCountry "RUS"]

1. e4 c5 2. Nf3 e6 3. d4 cxd4 4. Nxd4 Nc6 5. Nc3 Qc7 6. Be3 a6 7. Qd2 Nf6 8.
O-O-O Bb4 9. f3 Ne7 10. Nde2 b5 11. Kb1 Ba5 12. Bf4 e5 13. Bg5 h5 14. Qd3 Bb7
15. h4 Qc4 16. Qxc4 bxc4 17. Bd2 Bb6 18. Ng3 Rc8 19. Na4 Bf2 20. Be1 Bxe1 21.
Rxe1 Rc6 22. b3 cxb3 23. axb3 d6 24. Bc4 Bc8 25. Nf1 Be6 26. Ne3 Kd7 27. Rd1
Rb8 28. Kc1 Rb4 29. Nc3 Bxc4 30. Nxc4 Ke6 31. Rhe1 a5 32. Rd3 a4 33. Red1 Ne8
34. Nd5 Rb8 35. Nc7+ Kd7 36. Nxe8 Kxe8 37. Nxd6+ Kf8 38. bxa4 Rb4 39. Nb5 Ng6
40. Rd8+ Ke7 41. R1d7+ Kf6 42. Nc7 Nf4 43. g3 Ne2+ 44. Kd2 Rd4+ 45. Rxd4 Nxd4
46. Nd5+ Ke6 47. c3 Nxf3+ 48. Ke2 Nh2 49. Rb8 Kd6 50. a5 Kc5 51. Nb4 1-0

[Event "Aeroflot Open 2012 A"]
[Site "Moscow"]
[Date "2012.02.11"]
[Round "5"]
[White "Le, Quang Liem"]
[Black "Khalifman, Alexander"]
[Result "0-1"]
[WhiteElo "2714"]
[BlackElo "2632"]
[PlyCount "102"]
[EventDate "2012.02.07"]
[EventRounds "9"]
[EventCountry "RUS"]

1. d4 d5 2. c4 c6 3. Nc3 Nf6 4. e3 a6 5. Qc2 g6 6. Bd3 Bg7 7. Nf3 O-O 8. O-O
Bg4 9. Ne5 Be6 10. c5 Nbd7 11. Nxd7 Bxd7 12. Bd2 Ng4 13. f4 Nh6 14. Qb3 Rb8 15.
h3 Kh8 16. Na4 f6 17. Nb6 Bf5 18. g4 Bxd3 19. Qxd3 Nf7 20. Kg2 e5 21. dxe5 fxe5
22. Bc3 Qe7 23. b4 Rbe8 24. Rae1 Kg8 25. a3 g5 26. fxe5 Nxe5 27. Bxe5 Rxf1 28.
Rxf1 Qxe5 29. Rf3 Qb2+ 30. Rf2 Qe5 31. Rf3 Qb2+ 32. Rf2 Qc3 33. Qxc3 Bxc3 34.
Kf3 Rf8+ 35. Ke2 Rxf2+ 36. Kxf2 Bb2 37. e4 Bxa3 38. exd5 Bxb4 39. Na4 cxd5 40.
Ke3 Kf7 41. Kd4 Ke6 42. Nb6 Be1 43. Nxd5 Bf2+ 44. Kc4 Ke5 45. Ne7 b5+ 46. cxb6
Bxb6 47. Nd5 Ba5 48. Ne7 Kf4 49. Nd5+ Kg3 50. Nf6 Kxh3 51. Nxh7 Kxg4 0-1

[Event "Aeroflot Open 2012 A"]
[Site "Moscow"]
[Date "2012.02.11"]
[Round "5"]
[White "Sandipan, Chanda"]
[Black "Sasikiran, Krishnan"]
[Result "0-1"]
[WhiteElo "2628"]
[BlackElo "2700"]
[PlyCount "92"]
[EventDate "2012.02.07"]
[EventRounds "9"]
[EventCountry "RUS"]

1. d4 Nf6 2. c4 g6 3. g3 c6 4. Bg2 d5 5. Nf3 Bg7 6. O-O O-O 7. Qb3 b6 8. Nc3
Bb7 9. Bf4 e6 10. a4 a5 11. cxd5 exd5 12. Ne5 Na6 13. Rfd1 Nh5 14. Be3 Nb4 15.
Rac1 Qd6 16. Na2 c5 17. Nxb4 axb4 18. Nd3 cxd4 19. Bd2 Rfe8 20. Qxb4 Qd8 21.
Bf3 Nf6 22. Bf4 Ne4 23. Bc7 Qd7 24. Qxb6 Ba6 25. Bxe4 dxe4 26. Nc5 Qg4 27. Nxa6
Qxe2 28. Qb5 d3 29. Bb6 Bh6 30. Re1 Qf3 31. Rcd1 d2 32. Re2 Re5 33. Qc4 Re6 34.
a5 e3 35. fxe3 Rxb6 36. axb6 Bxe3+ 37. Rxe3 Qxd1+ 38. Kg2 Qc1 39. b7 Rf8 40.
Rc3 Qe1 41. Rd3 Qe2+ 42. Kg1 d1=Q+ 43. Rxd1 Qxc4 44. b8=Q Rxb8 45. Nxb8 Qc5+
46. Kh1 Qf2 0-1

[Event "Aeroflot Open 2012 A"]
[Site "Moscow"]
[Date "2012.02.11"]
[Round "5"]
[White "Eljanov, Pavel"]
[Black "Salgado Lopez, Ivan"]
[Result "1-0"]
[WhiteElo "2690"]
[BlackElo "2618"]
[PlyCount "139"]
[EventDate "2012.02.07"]
[EventRounds "9"]
[EventCountry "RUS"]

1. c4 Nf6 2. Nc3 d5 3. cxd5 Nxd5 4. g3 e5 5. Bg2 Nb6 6. Nf3 Nc6 7. O-O Be7 8.
a3 O-O 9. b4 Be6 10. Rb1 f6 11. d3 Nd4 12. Nh4 Qc8 13. e3 Nf5 14. Nxf5 Bxf5 15.
Ne4 Rd8 16. Nc5 c6 17. e4 Bg6 18. Qc2 a5 19. Be3 axb4 20. axb4 Bf7 21. Ra1 Bf8
22. h4 Nd7 23. Bh3 Bxc5 24. bxc5 Qc7 25. f4 Nf8 26. f5 h5 27. Rfb1 Nd7 28. Qb2
Rxa1 29. Qxa1 Nb8 30. Qa7 Rd7 31. Bf1 Na6 32. Qa8+ Kh7 33. Kf2 Re7 34. Be2 Qd7
35. Rb2 Qe8 36. Qxe8 Bxe8 37. g4 hxg4 38. Bxg4 Rd7 39. Be2 Bf7 40. h5 Be8 41.
Ke1 Bf7 42. Kd2 Bg8 43. Rb1 Bf7 44. Kc2 Be8 45. Kc1 Bf7 46. Kd2 Kg8 47. Rg1 Kh7
48. Rh1 Nb4 49. Kc3 Na2+ 50. Kd2 Nb4 51. Ra1 Na6 52. Kc3 Rd8 53. Rb1 Rb8 54. d4
exd4+ 55. Bxd4 Nc7 56. h6 Re8 57. Rxb7 Re7 58. hxg7 Nb5+ 59. Rxb5 cxb5 60. Bxf6
Rxe4 61. Bxb5 Re1 62. Bd4 Bd5 63. Bd7 Rc1+ 64. Kd2 Rc4 65. Kd3 Rc1 66. Bc3 Rd1+
67. Ke2 Bf3+ 68. Kxf3 Rd3+ 69. Ke4 Rxc3 70. f6 1-0